Yielding, Damage and Failure of Anisotropic Solids / (Record no. 233746)

000 -LEADER
fixed length control field nam a22 7a 4500
005 - DATE AND TIME OF LATEST TRANSACTION
control field 20170310162320.0
008 - FIXED-LENGTH DATA ELEMENTS--GENERAL INFORMATION
fixed length control field 170310b xxu||||| |||| 00| 0 eng d
040 ## - CATALOGING SOURCE
Transcribing agency .
082 ## - DEWEY DECIMAL CLASSIFICATION NUMBER
Classification number BB-369
100 ## - MAIN ENTRY--PERSONAL NAME
Personal name Yielding, Damage and Failure of Anisotropic Solids
245 ## - TITLE STATEMENT
Title Yielding, Damage and Failure of Anisotropic Solids /
Statement of responsibility, etc. Boehler, J. P.
260 ## - PUBLICATION, DISTRIBUTION, ETC.
Place of publication, distribution, etc. London,
Name of publisher, distributor, etc. MEP
Date of publication, distribution, etc. 1990.
300 ## - PHYSICAL DESCRIPTION
Extent 822p. ;
Dimensions 24 cm.
942 ## - ADDED ENTRY ELEMENTS (KOHA)
Source of classification or shelving scheme
Koha item type Book
Holdings
Withdrawn status Lost status Source of classification or shelving scheme Damaged status Not for loan Permanent Location Current Location Date acquired Total Checkouts Full call number Barcode Date last seen Price effective from Koha item type
          Central Library (CL) Central Library (CL) 03/10/2017   531 BOE SMME-BB369 04/02/2018 03/10/2017 Book
© 2023 Central Library, National University of Sciences and Technology. All Rights Reserved.